MDQL
is popping MORE tags! Check the
thread
!
Quizzes
Events
Quiz Creation
Community
Videos
Private Events
Remove Ads
Sign In
Join for FREE
Feedback
Dark Mode
Quiz Categories
Sports
Geography
Music
Movies
Television
Just For Fun
Miscellaneous
History
Literature
Language
Science
Gaming
Entertainment
Religion
Holiday
For Kids
Quiz Lab
Recent
Popular Today
Quiz Kudos Today
Editor Picks
Curator Picks
Quizzes by...
Day
Popularity
Type
Ratings
Length
Year
Community
Subscriptions
Recent Discussions
Orange Saloon
Badges
Playlists
Quests
Create
Leaderboards
Showdown
Live 5
Trivia Bingo
Activity
Puzzle Library
Sporcle Events
Private Events
Virtual Trivia
Globe League
Become a Host
Pub Owners
SporcleCon
Opinionation
Our Games
Videos
Blog
Mobile Apps
Partnerships
Remove Ads and Go Orange
Feedback
Religion
Mythology
Religious Music
World Religions
Bible
Christianity
Catholicism
Judaism
Church
Scripture
Islam
Verse
Religion
Mythology
Religious Music
World Religions
Bible
Christianity
Catholicism
Judaism
Church
Scripture
Islam
Verse
Random Quiz
Search Sporcle
×
Quiz Lab
Quiz Lab
Religion
Book
Type in answers that appear in a list
Type in answers that appear in a list
Classic
Best Score? Go Orange.
Books of the Bible Stats
Can you name the Books of the Bible?
By
Perkins
10m
66 Questions
35 Plays
35 Plays
35 Plays
Comments
Comments
Give Quiz Kudos
Give Quiz Kudos
-
- Ratings
hide this ad
More Info
Forced Order
Answers have to be entered in order
Answers have to be entered in order
Replay
Link that replays current quiz
Next Quiz
Link to next quiz in quiz playlist
You Got
0%
They Got
Avg Score
70%
Avg Friend Score
Upgrade to see
Score Distribution
Jump to the score distribution portion of the page
Score
0/66
Timer
10:00
0
Plays Today
Hint
Answer
% Correct
Law
Genesis
100%
Exodus
91.4%
Leviticus
91.4%
Numbers
91.4%
Deuteronomy
85.7%
Gospels
Matthew
85.7%
Mark
85.7%
Luke
85.7%
John
85.7%
Ruth
82.9%
Prophecy
Revelation
82.9%
Poetry
Job
80%
Psalms
80%
1 Kings
77.1%
2 Kings
77.1%
Song of Solomon
77.1%
History
Acts
77.1%
Paul's Letters
Romans
77.1%
History
Joshua
74.3%
Jeremiah
74.3%
1 John
74.3%
2 John
74.3%
3 John
74.3%
1 Samuel
71.4%
2 Samuel
71.4%
Proverbs
71.4%
Major Prophets
Isaiah
71.4%
Judges
68.6%
Ezra
68.6%
Ezekiel
68.6%
1 Corinthians
68.6%
2 Corinthians
68.6%
1 Peter
68.6%
Hint
Answer
% Correct
2 Peter
68.6%
Jude
68.6%
1 Chronicles
65.7%
2 Chronicles
65.7%
Nehemiah
65.7%
Esther
65.7%
Daniel
65.7%
Amos
65.7%
Malachi
65.7%
Galatians
65.7%
Ephesians
65.7%
1 Thessalonians
65.7%
2 Thessalonians
65.7%
James
65.7%
Minor Prophets
Hosea
62.9%
Jonah
62.9%
Micah
62.9%
Philippians
62.9%
Colossians
62.9%
Lamentations
60%
Joel
60%
Obadiah
60%
Nahum
60%
Habakkuk
60%
Haggai
60%
1 Timothy
60%
2 Timothy
60%
Titus
60%
Philemon
60%
General Letters
Hebrews
60%
Zechariah
57.1%
Zephaniah
54.3%
Ecclesiastes
42.9%
Quiz Playlist
Details
Report
Send in Message
Add To Playlist
More Info:
Can you name the books of the Bible fast enough and in order?
Classic:
Type in answers that appear in a list
Forced Order:
Answers have to be entered in order
Last Updated: Feb 16, 2017
Quiz Scoreboard
CHALLENGE
Sign Up to Join the Scoreboard
Show All
Scores
Hide
Comments
May contain spoilers
Recently Published
1-10 Letter E Words III
by El_Dandy
Language
2m
Street Fighter Characters
by Artimus82
Gaming
60s
College Basketball Coaching Resumes
by pancakes188
Sports
9m
More to Explore
Quiz From the Vault
Featured Blog Post
Where Did the Easter Bunny Come From?
hide this ad
You Might Also Like...
Tags
Bible Quiz
Book Quiz
Today's Top Quizzes in Religion
Browse Religion
hide this ad
Today's Top Quizzes in Book
Browse Book
Top Contributed Quizzes in Religion
1
5-to-1: Children of Gods
2
5-to-1: European Churches
3
One Thing in Common: Mythology
4
One Thing in Common: Mythology II
5
One Thing in Common: Religion
6
Mythological Creature Bunker
7
One Thing in Common: Religion and Mythology
8
Prime Time: Religion
9
Murdered Mythical Monsters
10
10 to 1: Islam
Explore More
Trending Topics
Disney
Harry Potter
Kpop
Anime
Marvel
Crossword
NBA
NFL
WWE
Song
The Office
Soccer
Country
Pokémon
Puzzle
hide this ad
More By:
Perkins
Quiz
Plays
Rating
Category
Featured
Created
Books of the Bible
35
3.50
Religion
Dec 15, 2015
Go to Creator's Profile
Score Distribution
Quiz Creator Spotlight
Perkins
Follow
Send a Message
Quizzes Created
-
Created Quiz Play Count
-
More By This Creator
Popular Quizzes Today
1
Find the US States - No Outlines Minefield
2
Find the Countries of Europe - No Outlines Minefield
3
The Countries of the World
4
Find the US States
5
Risky Map Clicking: Biggest States A-Z
6
US States
7
Popular People in 1961
8
Movies - When Are They Set?
More Religion Quizzes
D-Religion 5 to 1
Quiz Lab
Trending Quizzes
Risky Map Clicking: Least Populous States A-Z
1-10 Letter G Words
1-10 Letter F Words
Countries of the World: 200 Million BC
Risky Map Clicking: Next State Alphabetically
Recently Updated
Beyoncé Albums
pecheneg
Leaping Animals
pecheneg
Reality TV Shows (A-Z)
bhenderson79
Rickey Henderson's Hall of Fame Teammates
pecheneg
Champions League XIs: Arsenal
pecheneg
Quick Pick: Celebrities in WWE's Hall of Fame
aduchscher
A-Z Keypad Blitz II
pecheneg
Multiple Oscar Actors
pecheneg
Mystery Phrase Blitz: Oscar 'Best Actors'
pecheneg
F. Scott Fitzgerald Novels
LTH
Trending Topics
Disney
NBA
Crossword
Anime
Kpop
Harry Potter
Marvel
NFL
Soccer
Song
WWE
Pokémon
Country
The Office
Puzzle
Your Account Isn't Verified!
In order to create a playlist on Sporcle, you need to verify the email address you used during registration. Go to your
Sporcle Settings
to finish the process.
Report this User
Report this user for behavior that violates our
Community Guidelines
.
Details:
Send Report
Go to the Sporcle.com Mobile Site →
Comments